000 00653nam a2200241Ia 4500
003 OSt
005 20221007074144.0
006 a|||||r|||| 00| 0
007 ta
008 221006b |||||||| |||| 00| 0 eng d
024 _a22,037
037 _cTextual
040 _aFLL
_cFLL
_beng
041 _2eng
_aeng
082 _aZ2,985, G5
100 _aAiyar T. R. Venkatesa
_9692605
245 0 _aLaw of promissory notes
250 _a3rd
260 _aMadras
_bPeople's Printing & Publishing House, Ltd. India
_c1935
300 _axx,252p
_ccm.
942 _hZ2,985, G5
_cTEXL
_2CC
999 _c1151366
_d1151366